The Chemical Cosmos A Guided Tour /

If you have ever wondered how we get from the awesome impersonality of the Big Bang universe to the point where living creatures can start to form, and evolve into beings like you, your friends and your family, wonder no more. Steve Miller provides us with a tour through the chemical evolution of th...

Πλήρης περιγραφή

Λεπτομέρειες βιβλιογραφικής εγγραφής
Κύριος συγγραφέας: Miller, Steve (Συγγραφέας)
Συγγραφή απο Οργανισμό/Αρχή: SpringerLink (Online service)
Μορφή: Ηλεκτρονική πηγή Ηλ. βιβλίο
Γλώσσα:English
Έκδοση: New York, NY : Springer New York : Imprint: Springer, 2012.
Σειρά:Astronomers’ Universe,
Θέματα:
Διαθέσιμο Online:Full Text via HEAL-Link
LEADER 03625nam a22004935i 4500
001 978-1-4419-8444-9
003 DE-He213
005 20151204172257.0
007 cr nn 008mamaa
008 111024s2012 xxu| s |||| 0|eng d
020 |a 9781441984449  |9 978-1-4419-8444-9 
024 7 |a 10.1007/978-1-4419-8444-9  |2 doi 
040 |d GrThAP 
050 4 |a QC1-75 
072 7 |a PH  |2 bicssc 
072 7 |a SCI055000  |2 bisacsh 
082 0 4 |a 530  |2 23 
100 1 |a Miller, Steve.  |e author. 
245 1 4 |a The Chemical Cosmos  |h [electronic resource] :  |b A Guided Tour /  |c by Steve Miller. 
264 1 |a New York, NY :  |b Springer New York :  |b Imprint: Springer,  |c 2012. 
300 |a XII, 236 p. 25 illus., 22 illus. in color.  |b online resource. 
336 |a text  |b txt  |2 rdacontent 
337 |a computer  |b c  |2 rdamedia 
338 |a online resource  |b cr  |2 rdacarrier 
347 |a text file  |b PDF  |2 rda 
490 1 |a Astronomers’ Universe,  |x 1614-659X 
505 0 |a Prologue -- Purple haze: introducing our guide -- The early universe: the source of chemistry – and of our guide -- Shooting the rapids: the life, and death, of the earliest starlight -- Interlude - how our guide is hooked, lost and caught again -- Heading downstream and cooking by starlight -- Fishing for molecules -- Branching out: in the land of the giants and dwarves -- Interlude - trawling for our cosmic guide -- In the delta: exoplanets - worlds, but not as we know them -- Towards the sea of life -- Epilogue -- Annotated references and further reading to chapters -- Some useful numbers -- Index. 
520 |a If you have ever wondered how we get from the awesome impersonality of the Big Bang universe to the point where living creatures can start to form, and evolve into beings like you, your friends and your family, wonder no more. Steve Miller provides us with a tour through the chemical evolution of the universe, from the formation of the first molecules all the way to the chemicals required for life to evolve. Using a simple Hydrogen molecule – known as H-three-plus - as a guide, he takes us on a journey that starts with the birth of the first stars, and how, in dying, they pour their hearts out into enriching the universe in which we live. Our molecular guide makes its first appearance at the source of the Chemical Cosmos, at a time when only three elements and a total of 11 molecules existed. From those simple beginnings, H-three-plus guides us down river on the violent currents of exploding stars, through the streams of the Interstellar Medium, and into the delta where new stars and planets form. We are finally left on the shores of the sea of life. Along the way, we meet the key characters who have shaped our understanding of the chemistry of the universe, such as Cambridge physicist J.J. Thomson and the Chicago chemist Takeshi Oka. And we are given an insider’s view of just how astronomers, making use of telescopes and Earth-orbiting satellites, have put together our modern view of the Chemical Cosmos. 
650 0 |a Physics. 
650 0 |a Physical chemistry. 
650 0 |a Planetology. 
650 0 |a Astronomy. 
650 1 4 |a Physics. 
650 2 4 |a Physics, general. 
650 2 4 |a Popular Science in Astronomy. 
650 2 4 |a Planetology. 
650 2 4 |a Physical Chemistry. 
710 2 |a SpringerLink (Online service) 
773 0 |t Springer eBooks 
776 0 8 |i Printed edition:  |z 9781441984432 
830 0 |a Astronomers’ Universe,  |x 1614-659X 
856 4 0 |u http://dx.doi.org/10.1007/978-1-4419-8444-9  |z Full Text via HEAL-Link 
912 |a ZDB-2-PHA 
950 |a Physics and Astronomy (Springer-11651)